书目信息 |
| 题名: |
住宅物语
|
|
| 作者: | 八岛正年, , 八岛夕子, 著 ;张小娟 译 | |
| 分册: | ||
| 出版信息: | 南京 江苏凤凰科学技术出版社 2022.03 |
|
| 页数: | 223页 | |
| 开本: | 23cm | |
| 丛书名: | ||
| 单 册: | ||
| 中图分类: | TU241-64 | |
| 科图分类: | ||
| 主题词: | 住宅--zhu zhai--建筑设计--日本--图解 | |
| 电子资源: | ||
| ISBN: | 978-7-5713-2822-1 | |
| 000 | 01459nam0 2200265 450 | |
| 001 | 27647 | |
| 005 | 20220921165531.87 | |
| 010 | @a978-7-5713-2822-1@dCNY78.00 | |
| 100 | @a20220517d2022 em y0chiy50 ea | |
| 101 | 1 | @achi@cjpn |
| 102 | @aCN@b320000 | |
| 105 | @aa z 000yy | |
| 200 | 1 | @a住宅物语@Azhu zhai wu yu@e营造舒适空间的十个提案@f(日本) 八岛正年, 八岛夕子著@g张小娟译 |
| 210 | @a南京@c江苏凤凰科学技术出版社@d2022.03 | |
| 215 | @a223页@c图 (部分彩图)@d23cm | |
| 314 | @a八岛正年, 生于1968年, 1993年毕业于东京艺术大学美术学部建筑科, 1995获得年东京艺术大学美术研究科专业硕士学位。八岛夕子, 生于1971年, 1995年毕业于多摩美术学部建筑科, 1997年获得东京艺术大学美术研究科专业硕士学位。1998年与八岛正年共同创办八岛建筑设计事务所。 | |
| 330 | @a本书是日本X-Knowledge出版社出版的图书, 书中分为十章详细讲述了十所住宅的设计之旅。全书从第三人的视角出发, 以参观、采访、交谈的形式书写正文内容, 挖掘剖析了设计师在设计房屋时的理念, 以及业主对于某些设计要求背后的理由。从房屋的外观、庭院的一草一木乃至家中厨房、沙发等小小细节, 本书抓住重点进行详细解说, 同时附有多幅精美照片。 | |
| 517 | 1 | @a营造舒适空间的十个提案@Aying zao shu shi kong jian de shi ge ti an |
| 606 | 0 | @a住宅@Azhu zhai@x建筑设计@y日本@j图解 |
| 690 | @aTU241-64@v5 | |
| 701 | 0 | @a八岛正年,@Aba dao zheng nian@f1968-@4著 |
| 701 | 0 | @a八岛夕子,@Aba dao xi zi@f1971-@4著 |
| 702 | 0 | @a张小娟@Azhang xiao juan@4译 |
| 801 | 0 | @aCN@c20220910 |
| 905 | @a河南城建学院图书馆@dTU241-64@eB001@f2 | |
| 住宅物语:营造舒适空间的十个提案/(日本) 八岛正年, 八岛夕子著/张小娟译.-南京:江苏凤凰科学技术出版社,2022.03 |
| 223页:图 (部分彩图);23cm |
| ISBN 978-7-5713-2822-1:CNY78.00 |
| 本书是日本X-Knowledge出版社出版的图书, 书中分为十章详细讲述了十所住宅的设计之旅。全书从第三人的视角出发, 以参观、采访、交谈的形式书写正文内容, 挖掘剖析了设计师在设计房屋时的理念, 以及业主对于某些设计要求背后的理由。从房屋的外观、庭院的一草一木乃至家中厨房、沙发等小小细节, 本书抓住重点进行详细解说, 同时附有多幅精美照片。 |
| ● |
| 相关链接 |
|
|
|
正题名:住宅物语
索取号:TU241-64/B001
 
预约/预借
| 序号 | 登录号 | 条形码 | 馆藏地/架位号 | 状态 | 备注 |
| 1 | 1579949 | 215799492 | 建筑库101/101建筑库 60排3列5层/ [索取号:TU241-64/B001] | 在馆 | |
| 2 | 1579950 | 215799508 | 建筑库101/101建筑库 60排3列5层/ [索取号:TU241-64/B001] | 在馆 |